European Capitals with the Most Sunshine - Statistics

General Stats
  • This quiz has been taken 33 times
    11 since last reset
  • The average score is 8 of 10
Answer Stats
hours/year capital % Correct
2,806 Lisbon
100%
2,769 Madrid
100%
2,773 Athens
90%
2,473 Rome/Vatican City
90%
2,544 Tirana
90%
3,054 Valletta
90%
2,481 Podgorica
80%
2,339 Skopje
80%
2,575 Monaco
60%
2,177 Sofia
60%
No matching quizzes found
Score Distribution
Percent of People with Each Score
Percentile by Number Answered
Your Score History
You have not taken this quiz since the last reset